Riconosci il Pokémon - Quiz n°633 - Statistics

Statistiche generali
  • Questo quiz è stato fatto 0 volte
  • Il punteggio medio è 0 su 10
Statistiche sulle risposte
Indizio Riposta % Corretto
Altezza 0,6 m
0%
Tasso di cattura 120 (24.9%)
0%
Peso 15,0 kg
0%
Sesso 50% ♂, 50% ♀
0%
Tasso di allevamento Medio-Lento
0%
Tipo Normale / Volante
0%
Abilità Pettinfuori; Supersorte, Antagonismo
0%
Stadio evoluzione Prima evoluzione
0%
Generazione Quinta
0%
Pokémon Tranquill
0%
Nessun quiz corrispondente trovato
Distribuzione punteggi
Percentuale di utenti per punteggio
Percentile per numero di risposta
I tuoi punteggi nel tempo
Non hai fatto questo quiz